| 000 | 00842cam a2200229 4500 | ||
|---|---|---|---|
| 001 | WB3737-23 | ||
| 008 | 011003n2001 000 0 eng u | ||
| 035 | _a(Sirsi) u114975 | ||
| 245 | _aHard-hit hotels plan rates plea | ||
| 260 | _c2001 | ||
| 490 |
_aProperty Week _v66(39) 28 September 2001, 1(1) |
||
| 520 | _aHotels suffering from a loss of trade after the terrorist attacks in America are to appeal to the Valuation Office Agency for business rate reductions. The hotels claim that with the lack of custom the rateable value of their properties has fallen by millions of pounds. | ||
| 590 | _aWB | ||
| 650 | _aHOTELS | ||
| 650 | _aTERRORIST ATTACKS | ||
| 650 | _aUNITED STATES | ||
| 650 | _aRATEABLE VALUE | ||
| 650 | _aBUSINESS RATE APPEALS | ||
| 650 | _aRATE REDUCTIONS | ||
| 690 | _aRATING AND VALUATION | ||
| 942 | _n0 | ||
| 999 |
_c68458 _d68458 |
||